[Event "4th G. Agzamov Mem"]
[Site "Tashkent UZB"]
[Date "2010.03.23"]
[Round "1"]
[White "Dreev,A"]
[Black "Belyi,A"]
[Result "1-0"]
[WhiteElo "2653"]
[BlackElo "2193"]

1.d4 d5 2.c4 c6 3.Nf3 Nf6 4.e3 e6 5.Nc3 Nbd7 6.Qc2 Bd6 7.b3 O-O 8.Bb2 Re8
9.Be2 e5 10.cxd5 Nxd5 11.Nxd5 cxd5 12.dxe5 Nxe5 13.O-O f6 14.Nd4 Bg4 15.Bxg4 Nxg4
16.h3 Rc8 17.Qd2 Nh6 18.Nf3 Nf7 19.Rfd1 Rc5 20.b4 Rb5 21.Bc3 Rb6 22.a3 Qc7
23.Rac1 Rc6 24.Nd4 Rc4 25.Nb5 Qc6 26.Qxd5 Qxd5 27.Rxd5 Be5 28.Rdd1 a6 29.Bxe5 axb5
30.Bb2 Rec8 31.Rxc4 bxc4 32.Kf1 Ne5 33.Bxe5 fxe5 34.Ke2 Ra8 35.Rd5 Rxa3 36.Rxe5 Ra2+
37.Kf3 c3 38.Re8+ Kf7 39.Rb8 Ke6 40.Rxb7 c2 41.Rc7 Kd6 42.Rc3 Rb2 43.g4 g5
44.b5 h6 45.b6 Kd5 46.b7 Rxb7 47.Rxc2 Rb1 48.Rc8 Rb6 49.Re8 Ra6 50.Kg3 Ra3
51.h4  1-0

[Event "4th G. Agzamov Mem"]
[Site "Tashkent UZB"]
[Date "2010.03.24"]
[Round "2"]
[White "Turaev,Hal"]
[Black "Dreev,A"]
[Result "0-1"]
[WhiteElo "2284"]
[BlackElo "2653"]

1.d4 d5 2.e3 c5 3.c3 Nc6 4.f4 Bf5 5.Nf3 e6 6.Bd3 Bxd3 7.Qxd3 Nf6 8.Nbd2 Bd6
9.Ne5 Qb6 10.b3 O-O 11.Bb2 Rac8 12.Nxc6 Qxc6 13.O-O Rfd8 14.Qe2 Qc7 15.Qf3 Qa5
16.a4 Qa6 17.Rfd1 Qd3 18.Rac1 cxd4 19.Nc4 Qg6 20.Nxd6 Rxd6 21.exd4 Rb6 22.b4 Rbc6
23.a5 Ne4 24.Rd3 h5 25.Rf1 Qf5 26.Qe3 f6 27.Rf3 Kf7 28.Qe2 Rc4 29.Qd1 Qg4
30.Qa4 R4c6 31.f5 Ng5 32.fxe6+ Qxe6 33.Rfe3 Ne4 34.Qd1 Qg4 35.Qf3 Qxf3 36.gxf3 Nd6
37.Bc1 Nf5 38.Re2  0-1

[Event "4th G. Agzamov Mem"]
[Site "Tashkent UZB"]
[Date "2010.03.25"]
[Round "3"]
[White "Dreev,A"]
[Black "Saidov,B"]
[Result "1-0"]
[WhiteElo "2653"]
[BlackElo "2361"]

1.d4 d5 2.c4 c6 3.Nf3 Nf6 4.e3 e6 5.b3 Nbd7 6.Bd3 Bd6 7.Bb2 O-O 8.Nbd2 b6
9.O-O Bb7 10.e4 dxe4 11.Nxe4 Nxe4 12.Bxe4 Qe7 13.a3 f5 14.Bc2 Rf6 15.Re1 Raf8
16.c5 Bb8 17.b4 Rh6 18.Bc1 Rg6 19.Bb3 Kh8 20.Bc4 e5 21.dxe5 Nxe5 22.Kh1 Rd8
23.Qc2 Qd7 24.Bg5 Nxf3 25.Bxd8 Nxe1 26.Rxe1 Qxd8 27.Qd3 Bd6 28.cxd6 c5 29.f3 Bc6
30.d7 Bxd7 31.Rd1 Qg5 32.Qd2 f4 33.Bf7  1-0

[Event "4th G. Agzamov Mem"]
[Site "Tashkent UZB"]
[Date "2010.03.27"]
[Round "5"]
[White "Dreev,A"]
[Black "Megaranto,S"]
[Result "1-0"]
[WhiteElo "2653"]
[BlackElo "2534"]

1.d4 Nf6 2.c4 e6 3.Nc3 Bb4 4.Qc2 O-O 5.a3 Bxc3+ 6.Qxc3 b6 7.Bg5 Bb7 8.e3 d6
9.Ne2 Nbd7 10.Qc2 h6 11.Bh4 Be4 12.Qd1 Qb8 13.Nc3 Qb7 14.f3 Bh7 15.e4 Rfe8
16.Be2 Nh5 17.Qd2 f5 18.exf5 exf5 19.O-O f4 20.Rfe1 g5 21.Bf2 Ndf6 22.d5 Qc8
23.Nb5 Qd7 24.Bd3 a6 25.Nd4 Ng7 26.Bf1 Qf7 27.b4 Nd7 28.Nc6 h5 29.Rxe8+ Rxe8
30.Re1 Ne5 31.Nxe5 dxe5 32.d6 cxd6 33.Qxd6 Nf5 34.Qd5 Qxd5 35.cxd5 b5 36.Bc5 Kf7
37.a4 bxa4 38.Bxa6 Ra8 39.Bb7 Rb8 40.Bc6 g4 41.fxg4 hxg4 42.b5 Kf6 43.b6 Nd4
44.Bxa4 Bd3 45.Bd6 Rxb6 46.Bxe5+ Kg5 47.d6 Ne6 48.d7 Bb5 49.Bc7 Bxa4 50.d8=Q+  1-0

[Event "4th G. Agzamov Mem"]
[Site "Tashkent UZB"]
[Date "2010.03.28"]
[Round "6"]
[White "Tseshkovsky,V"]
[Black "Dreev,A"]
[Result "1/2-1/2"]
[WhiteElo "2549"]
[BlackElo "2653"]

1.e4 c6 2.d4 d5 3.Nc3 dxe4 4.Nxe4 Bf5 5.Ng3 Bg6 6.h4 h6 7.Nf3 Nd7 8.h5 Bh7
9.Bd3 Bxd3 10.Qxd3 e6 11.Bd2 Ngf6 12.O-O-O Be7 13.Ne4 Nxe4 14.Qxe4 Nf6 15.Qe2 Qd5
16.Kb1 Qe4 17.Qf1 Ng4 18.Bc3 O-O-O 19.Nd2 Qf5 20.Qe2 Nf6 21.Nb3 Qe4 22.Qf1 Qd5
23.Re1 Qb5 24.f3 Qxf1 25.Rexf1 Nd5 26.Bd2 Bg5 27.c3 b6 28.g3 Kc7 29.Rh2  1/2-1/2

[Event "4th G. Agzamov Mem"]
[Site "Tashkent UZB"]
[Date "2010.03.30"]
[Round "8"]
[White "Dreev,A"]
[Black "Zhigalko,S"]
[Result "1/2-1/2"]
[WhiteElo "2653"]
[BlackElo "2648"]

1.d4 d5 2.c4 e6 3.Nc3 c6 4.Nf3 dxc4 5.e3 b5 6.a4 Bb4 7.Bd2 a5 8.axb5 Bxc3
9.Bxc3 cxb5 10.b3 Bb7 11.bxc4 b4 12.Bb2 Nf6 13.Bd3 O-O 14.O-O Nbd7 15.c5 Bc6
16.Bc2 Qc7 17.Ba4 Ne4 18.Qc2 f5 19.Rfc1 Bxa4 20.Qxa4 Ndf6 21.Qb3 Nd5 22.Ne5 Kh8
23.Rc2 Rfb8 24.Nc4 h6 25.f3 Nec3 26.Bxc3 bxc3 27.Nb6 a4 28.Qa3 Nxb6 29.cxb6 Rxb6
30.Rxc3 Qb7 31.h3 Rb4 32.Qc1 Ra7 33.Kh2 Qb8+ 34.f4 Qb7 35.Ra2 Kh7 36.Qc2 Qd5
37.Rc5 Qb3 38.Qxb3 Rxb3 39.Re5 Ra6 40.d5 exd5 41.Rxd5 Kg6 42.Re5 a3 43.e4 fxe4
44.Rxe4 Kf5 45.Rd4 Ra7 46.Rc4 Ke6 47.Rd4 Kf5 48.Rc4 Rd3 49.Rb4 Ke6 50.Rb5 Kd6
51.f5 Kc6 52.Re5 Rb3 53.Ree2 Kb6 54.Re6+ Kb5 55.Re8 Ka4 56.Ree2 Rab7 57.Re4+ R3b4
58.Re3 Rb2 59.Re4+ R2b4 60.Re8 Rb3 61.Ra8+ Kb4  1/2-1/2

[Event "ch-Commonwealth"]
[Site "Delhi IND"]
[Date "2010.05.10"]
[Round "2"]
[White "Sahoo,U"]
[Black "Dreev,A"]
[Result "0-1"]
[WhiteElo "2231"]
[BlackElo "2655"]

1.e4 c5 2.Nf3 Nc6 3.d4 cxd4 4.Nxd4 Nf6 5.Nc3 d6 6.Bg5 Bd7 7.Qd2 h6 8.Bxf6 gxf6
9.Nf5 Qa5 10.Bd3 e6 11.Ne3 a6 12.f4 h5 13.Rf1 b5 14.g3 Be7 15.Ne2 Qxd2+ 16.Kxd2 Bd8
17.c3 b4 18.Rfc1 Ke7 19.a3 b3 20.a4 Bb6 21.Bc4 Bc5 22.Re1 h4 23.g4 h3 24.Rg1 Na5
25.Bd3 Bb6 26.Rg3 Nb7 27.Nd4 Nc5 28.a5 Bc7 29.Ra3 d5 30.exd5 Bxf4 31.Rf3 Bxh2
32.dxe6 fxe6 33.Nxb3 Nxd3 34.Kxd3 Bg1 35.Nf1 h2 36.Ng3 Bc6 37.Rf1  0-1

[Event "ch-Commonwealth"]
[Site "Delhi IND"]
[Date "2010.05.12"]
[Round "5"]
[White "Dreev,A"]
[Black "Kravtsiv,M"]
[Result "1/2-1/2"]
[WhiteElo "2655"]
[BlackElo "2546"]

1.d4 Nf6 2.c4 e6 3.Nc3 Bb4 4.Qc2 O-O 5.a3 Bxc3+ 6.Qxc3 b6 7.Bg5 Bb7 8.e3 d6
9.Ne2 Nbd7 10.Qc2 c5 11.Rd1 Qe7 12.Nc3 cxd4 13.Rxd4 Rfd8 14.Qd1 h6 15.Bh4 Nf8
16.f3 d5 17.Be2 dxc4 18.O-O Ng6 19.Bg3 Nd5 20.Qd2 Nxc3 21.Qxc3 b5 22.Rfd1 e5
23.Rxd8+ Rxd8 24.Rxd8+ Qxd8 25.Bxe5 Nxe5 26.Qxe5 a6 27.Kf2 Qh4+ 28.Kf1 Qd8
29.Kf2 Qh4+ 30.Kf1 Qd8  1/2-1/2

[Event "ch-Commonwealth"]
[Site "Delhi IND"]
[Date "2010.05.13"]
[Round "6"]
[White "Priyadharshan,K"]
[Black "Dreev,A"]
[Result "1/2-1/2"]
[WhiteElo "2362"]
[BlackElo "2655"]

1.e4 c6 2.d4 d5 3.e5 Bf5 4.Nf3 e6 5.Be2 Nd7 6.O-O Bg6 7.Nbd2 Nh6 8.Nb3 Rc8
9.Bd2 Be7 10.c3 O-O 11.Nc1 c5 12.Nd3 Nf5 13.Nf4 Qb6 14.Qa4 Rfd8 15.c4 Qc6
16.Qxc6 bxc6 17.Ba5 Re8 18.cxd5 exd5 19.dxc5 Bxc5 20.Rac1 Rb8 21.Nd3 Nd4
22.Nxd4 Bxd4 23.Bc7 Rbc8 24.Rxc6 Nxe5 25.Nxe5 Bxe5 26.Bxe5 Rxc6 27.Bb5 Rxe5
28.Bxc6 d4 29.Rd1 Rc5 30.Ba4 d3 31.f4 Kf8 32.Bb3 a5 33.g3 Rb5 34.Rd2 Rc5
35.Kf2 Bf5 36.Ke3 h5 37.h3 Ke7 38.g4 hxg4 39.hxg4 Bxg4 40.Rxd3 Bf5 41.Rd5 Rxd5
42.Bxd5 f6 43.a3 Kd6 44.Kd4 g5 45.fxg5 fxg5 46.b4 axb4 47.axb4 Bd7  1/2-1/2

[Event "ch-Commonwealth"]
[Site "Delhi IND"]
[Date "2010.05.14"]
[Round "7"]
[White "Dreev,A"]
[Black "Maletin,P"]
[Result "1/2-1/2"]
[WhiteElo "2655"]
[BlackElo "2584"]

1.d4 d5 2.c4 c6 3.Nf3 Nf6 4.e3 Bf5 5.Nc3 e6 6.Nh4 Bg6 7.Nxg6 hxg6 8.g3 Nbd7
9.a3 Bd6 10.b3 Ne4 11.Nxe4 dxe4 12.b4 a6 13.Qg4 Nf6 14.Qe2 e5 15.Bg2 Qd7
16.Bb2 Qf5 17.Rd1 exd4 18.Bxd4 Be5 19.h3 Bxd4 20.exd4 Kf8 21.g4 Qf4 22.Qe3 g5
23.Rd2 g6 24.O-O Kg7 25.Re1 Rad8 26.Rde2 Rd7 27.Qxf4 gxf4 28.g5 Nh7 29.Rxe4 Nxg5
30.Rxf4 Nxh3+ 31.Bxh3 Rxh3  1/2-1/2

[Event "ch-Commonwealth"]
[Site "Delhi IND"]
[Date "2010.05.16"]
[Round "9"]
[White "Dreev,A"]
[Black "Sachdev,T"]
[Result "1/2-1/2"]
[WhiteElo "2655"]
[BlackElo "2398"]

1.d4 Nf6 2.Nf3 e6 3.Bg5 h6 4.Bh4 b6 5.e3 Bb7 6.Nbd2 Be7 7.c3 c5 8.Bg3 O-O
9.Bd3 d6 10.h3 cxd4 11.exd4 Nbd7 12.O-O Qc7 13.Re1 Rfe8 14.Qe2 Bf8 15.a4 a6
16.Nc4 Bc6 17.Nfd2 b5 18.axb5 axb5 19.Ne3 Qb6 20.Qf1 e5 21.Nc2 Rxa1 22.Rxa1 e4
23.Be2 Nd5 24.Kh1 N7f6 25.Re1 Qb7 26.Nb3 Ra8 27.Ra1 Rxa1 28.Qxa1 Bd7 29.Kg1 Ne8
30.f3 Bf5 31.fxe4 Bxe4 32.Ne1 Ne3 33.Nf3  1/2-1/2

[Event "ch-Commonwealth"]
[Site "Delhi IND"]
[Date "2010.05.17"]
[Round "10"]
[White "Dreev,A"]
[Black "Sai,KG"]
[Result "1-0"]
[WhiteElo "2655"]
[BlackElo "2282"]

1.d4 Nf6 2.c4 g6 3.Nc3 Bg7 4.Nf3 O-O 5.e3 d6 6.b4 e5 7.Bb2 e4 8.Nd2 Re8 9.Be2 a5
10.b5 c5 11.dxc5 dxc5 12.Qc2 Bf5 13.h3 g5 14.g4 Bg6 15.h4 h6 16.hxg5 hxg5
17.O-O-O Nbd7 18.Nf1 Qc8 19.Ng3 Nb6 20.Nh5 Bxh5 21.gxh5 Qf5 22.h6 Bh8 23.f3 Qh7
24.Rdg1 g4 25.Nxe4 Nxe4 26.Rxg4+ Kf8 27.Bg7+  1-0

[Event "ch-Commonwealth"]
[Site "Delhi IND"]
[Date "2010.05.18"]
[Round "11"]
[White "Kunte,A"]
[Black "Dreev,A"]
[Result "1/2-1/2"]
[WhiteElo "2523"]
[BlackElo "2655"]

1.d4 d5 2.c4 c6 3.Nf3 Nf6 4.Nc3 e6 5.Bg5 Nbd7 6.cxd5 exd5 7.e3 Be7 8.Qc2 Nh5
9.Bxe7 Qxe7 10.O-O-O Nhf6 11.Bd3 Nb6 12.h3 Be6 13.Kb1 g6 14.Ka1 Nfd7 15.Nd2 O-O-O
16.Nb3 Kb8 17.f3 f6 18.Rhe1 Rhe8 19.Rc1 Bf7 20.Qf2 Qd6 21.Qh4 Bg8 22.Nd1 Qc7
23.Na5 Qd6 24.Nb3 Qc7 25.Nc3 Qd6 26.Nd1 Qc7  1/2-1/2

[Event "2nd SCS Open"]
[Site "Bhubaneswar IND"]
[Date "2010.05.22"]
[Round "1"]
[White "Dreev,A"]
[Black "Abdullah,AlS"]
[Result "1-0"]
[WhiteElo "2655"]
[BlackElo "2074"]

1.d4 Nf6 2.c4 g6 3.Nc3 Bg7 4.e4 d6 5.f3 O-O 6.Nge2 c5 7.Be3 Nbd7 8.Qd2 a6
9.Rd1 Qc7 10.dxc5 Nxc5 11.Nf4 Be6 12.Be2 Rad8 13.O-O Ncd7 14.Rc1 Ne5 15.b3 Kh8
16.Rfd1 Qc6 17.Bf1 Nfd7 18.Ncd5 Rfe8 19.Qf2 h6 20.Nxe6 fxe6 21.Qh4 g5 22.Qh3 Nf8
23.Nb4 Qc7 24.Nd3 Kg8 25.f4 gxf4 26.Nxf4 Qc6 27.Nh5 Qxe4 28.Nxg7 Kxg7 29.Bxh6+ Kg8
30.Rc3 Qf5 31.Qg3+ Nfg6 32.Be2 Kh7 33.Rf1 Qe4 34.Qh3 Qh4 35.Bg5 Qxh3 36.Rxh3+ Kg8
37.Rg3 Kh7 38.h4 Rg8 39.h5 Nh8 40.Bxe7 Rxg3 41.Bxd8 Nhf7 42.Bh4 Rc3 43.Rf6 Re3
44.Kf2 Re4 45.Rxf7+ Nxf7 46.Bd3 d5 47.Bxe4+ dxe4 48.Ke3 Kh6 49.g4 Ne5 50.Kf4 Nd3+
51.Kxe4 Nc1 52.Be1 Nxa2 53.Bd2+  1-0

[Event "2nd SCS Open"]
[Site "Bhubaneswar IND"]
[Date "2010.05.23"]
[Round "3"]
[White "Dreev,A"]
[Black "Murali Krishnan,B"]
[Result "1-0"]
[WhiteElo "2655"]
[BlackElo "2412"]

1.d4 d5 2.c4 e6 3.Nc3 Nf6 4.cxd5 exd5 5.Bg5 c6 6.e3 Be7 7.Qc2 Nbd7 8.Bd3 O-O
9.Nf3 Re8 10.h3 Nf8 11.Bf4 Bd6 12.Bxd6 Qxd6 13.O-O-O a5 14.Kb1 Be6 15.Rc1 Re7
16.Na4 N6d7 17.g4 Rc8 18.Rhg1 Rce8 19.h4 Nf6 20.g5 N6d7 21.h5 Rc8 22.Nc5 b6
23.Ba6 Rc7 24.Nb7 Rxb7 25.Bxb7 Nb8 26.Bxc6 Rc7 27.Ne5 Nxc6 28.Nxc6 Rc8 29.e4 Qd7
30.exd5  1-0

[Event "2nd SCS Open"]
[Site "Bhubaneswar IND"]
[Date "2010.05.24"]
[Round "4"]
[White "Deepan,C"]
[Black "Dreev,A"]
[Result "1/2-1/2"]
[WhiteElo "2488"]
[BlackElo "2655"]

1.e4 c6 2.d4 d5 3.Nc3 dxe4 4.Nxe4 Bf5 5.Ng3 Bg6 6.h4 h6 7.Nf3 Nf6 8.h5 Bh7
9.Bd3 Bxd3 10.Qxd3 e6 11.Bd2 c5 12.Ne4 Nc6 13.dxc5 Qxd3 14.cxd3 Nxe4 15.dxe4 Bxc5
16.Rc1 Bb6 17.Ke2 Ke7 18.Rhd1 Rhd8 19.Bc3 f6 20.g4 Rac8 21.e5 Rxd1 22.Rxd1 Ba5
23.exf6+ gxf6 24.Bxa5 Nxa5 25.Nd4 Nc6 26.Nxc6+ Rxc6 27.Rd2 Rc4 28.f3 f5 29.Kd3 Rb4
30.gxf5 exf5 31.Rg2 Kf6 32.Rg6+ Ke5 33.b3 Rb6 34.Rxb6 axb6 35.Ke3 b5 36.f4+ Kd5
37.a3 Kc5 38.Kd3 Kd5 39.Ke3 Kc5 40.Kd3 Kd5  1/2-1/2

[Event "2nd SCS Open"]
[Site "Bhubaneswar IND"]
[Date "2010.05.25"]
[Round "6"]
[White "Varga,Zo"]
[Black "Dreev,A"]
[Result "1/2-1/2"]
[WhiteElo "2479"]
[BlackElo "2655"]

1.e4 c5 2.Nf3 Nc6 3.d4 cxd4 4.Nxd4 Nf6 5.Nc3 d6 6.f3 e5 7.Nb3 Be7 8.Be3 O-O
9.Qd2 a5 10.Bb5 Be6 11.O-O Na7 12.Be2 Nc8 13.Nd5 a4 14.Nxe7+ Nxe7 15.Nc1 d5
16.exd5 Nexd5 17.Nd3 Qc7 18.c4 Nxe3 19.Qxe3 Qxc4 20.Nxe5 Qb4 21.Nd3 Qa5 22.a3 Rfe8
23.Rfe1 Bc4 24.Qf2 Rad8 25.Ne5 Bxe2 26.Qxe2 h5 27.f4 Ng4 28.h3 Rd2 29.Qc4 Rxe5
30.Rxe5 Nxe5 31.fxe5 Qxe5 32.Qc8+ Kh7 33.Qxb7 f6 34.Rb1 Re2 35.Kh1 Qf5 36.Rc1 Qe5
37.Rb1 Qg3 38.Rg1 Qe5 39.Rb1 Kh6 40.Qc6 Qd4 41.Qc1+ Kg6 42.Qc6 Rd2 43.Qb7 Qd3
44.Rg1 Qc2 45.Re1 Rd1 46.Rxd1 Qxd1+ 47.Kh2 h4 48.Qe4+ Kg5 49.Qe3+ Kh5 50.Qf4 Qe2
51.Qxa4 Qe5+ 52.Kh1 Qe1+ 53.Kh2  1/2-1/2

[Event "2nd SCS Open"]
[Site "Bhubaneswar IND"]
[Date "2010.05.26"]
[Round "7"]
[White "Dreev,A"]
[Black "Kamble,V"]
[Result "1-0"]
[WhiteElo "2655"]
[BlackElo "2412"]

1.d4 Nf6 2.c4 e6 3.Nc3 c5 4.d5 exd5 5.cxd5 d6 6.e4 g6 7.Nge2 Bg7 8.Ng3 O-O
9.Be2 Na6 10.O-O Nc7 11.Bg5 h6 12.Be3 b6 13.Qd2 h5 14.Bg5 Qd7 15.h3 Nh7 16.Bh6 h4
17.Bxg7 Kxg7 18.Nh1 f5 19.f4 Bb7 20.Nf2 b5 21.a3 a5 22.b3 b4 23.Na4 Rab8
24.axb4 axb4 25.Nb6 Qd8 26.Rfe1 Nf6 27.Bd3 Nb5 28.Bxb5 Qxb6 29.Bc4 Ra8 30.Rxa8 Bxa8
31.e5 Nh5 32.Nd3 Ng3 33.Qb2 Ne4 34.exd6+ Kh7 35.Qe5 Qa7 36.Qe7+ Qxe7 37.dxe7 Re8
38.Nxc5 Rxe7 39.d6 Re8 40.d7 Rd8 41.Ne6  1-0

[Event "2nd SCS Open"]
[Site "Bhubaneswar IND"]
[Date "2010.05.27"]
[Round "8"]
[White "Kravtsiv,M"]
[Black "Dreev,A"]
[Result "1/2-1/2"]
[WhiteElo "2546"]
[BlackElo "2655"]

1.e4 c6 2.d4 d5 3.Nc3 dxe4 4.Nxe4 Bf5 5.Ng3 Bg6 6.h4 h6 7.Nf3 Nd7 8.h5 Bh7
9.Bd3 Bxd3 10.Qxd3 e6 11.Bd2 Ngf6 12.O-O-O Bd6 13.Ne4 Nxe4 14.Qxe4 Qe7 15.Ne5 O-O-O
16.Ba5 Bc7 17.Bxc7 Kxc7 18.Qf4 Nxe5 19.dxe5 Rxd1+ 20.Rxd1 Rd8  1/2-1/2

[Event "2nd SCS Open"]
[Site "Bhubaneswar IND"]
[Date "2010.05.28"]
[Round "9"]
[White "Dreev,A"]
[Black "Sriram,J"]
[Result "1-0"]
[WhiteElo "2655"]
[BlackElo "2507"]

1.d4 d5 2.c4 c6 3.Nf3 Nf6 4.e3 Bf5 5.Nc3 e6 6.Nh4 Be4 7.f3 Bg6 8.Qb3 Qc7
9.Bd2 Be7 10.Nxg6 hxg6 11.g3 Nbd7 12.cxd5 Nxd5 13.O-O-O O-O-O 14.e4 Nxc3
15.Bxc3 Kb8 16.Kb1 c5 17.d5 exd5 18.Rxd5 Bf6 19.Be2 Nb6 20.Rxd8+ Rxd8 21.Bxf6 gxf6
22.Qc3 Qe5 23.Rc1 Qxc3 24.Rxc3 Rc8 25.h4 Nd7 26.Bc4 Ne5 27.Bd5 Rc7 28.f4 Ng4
29.b4 b6 30.bxc5 bxc5 31.Kc2 Kc8 32.Kd3 Nh6 33.Kc4 Kd7 34.Kb5 Kd6 35.Rd3 Ke7
36.Bc6 f5 37.e5 Ng4 38.Rc3 f6 39.Rxc5 fxe5 40.fxe5 Rc8 41.Ka6 Rc7 42.Kb5 Rc8
43.a4 Rb8+ 44.Ka6 Ke6 45.Bb7 Nxe5 46.Kxa7 Re8 47.a5 Kd6 48.Rc1 Re7 49.a6 Rc7
50.Rd1+ Ke6 51.Kb8 Rc2 52.a7  1-0

[Event "2nd SCS Open"]
[Site "Bhubaneswar IND"]
[Date "2010.05.29"]
[Round "10"]
[White "Lafuente,P"]
[Black "Dreev,A"]
[Result "0-1"]
[WhiteElo "2587"]
[BlackElo "2655"]

1.d4 d5 2.c4 c6 3.Nf3 Nf6 4.Nc3 e6 5.e3 Nbd7 6.Qc2 Bd6 7.Bd3 O-O 8.O-O dxc4
9.Bxc4 a6 10.Rd1 b5 11.Be2 Qc7 12.e4 e5 13.Bg5 exd4 14.Rxd4 Ng4 15.h3 Nge5
16.Nxe5 Bxe5 17.Rdd1 h6 18.Be3 Nf6 19.Bf3 Re8 20.Rac1 Bb7 21.b4 Bxc3 22.Qxc3 Nxe4
23.Qd4 Rad8 24.Qxe4 Rxe4 25.Bxe4 Rxd1+ 26.Rxd1 Bc8 27.Bc5 Bd7 28.Rd6 Qc8
29.a3 Qe8 30.Bf3 a5 31.Kh2 a4 32.g3 Kh7 33.Rd3 Bf5 34.Re3 Qd7 35.h4 Be6 36.Be4+ Kg8
37.Rf3 Bc4 38.Re3 Qd2 39.Kg2 Bd5 40.Bxd5 Qxd5+  0-1

[Event "2nd SCS Open"]
[Site "Bhubaneswar IND"]
[Date "2010.05.30"]
[Round "11"]
[White "Dreev,A"]
[Black "Adhiban,B"]
[Result "1/2-1/2"]
[WhiteElo "2655"]
[BlackElo "2510"]

1.d4 Nf6 2.c4 e6 3.Nc3 Bb4 4.Qc2 O-O 5.a3 Bxc3+ 6.Qxc3 d5 7.Nf3 dxc4 8.Qxc4 b6
9.Bg5 Ba6 10.Qa4 c5 11.Rd1 cxd4 12.Nxd4 Qd7 13.Qxd7 Nbxd7 14.f3 h6 15.Bxf6 Nxf6
16.e4 Bxf1 17.Rxf1 Rfc8 18.Ke2 Rc5 19.Rc1 Rac8 20.Rxc5 Rxc5 21.Rd1 a6 22.Rd2 Kf8
23.Rc2 Rxc2+ 24.Nxc2 Nd7 25.Nb4 Nb8 26.Kd3 Ke7 27.e5 Kd7 28.Kc4 Kc7 29.f4 b5+
30.Kd4 Kb6 31.Nd3 Nc6+ 32.Kc3 Ne7  1/2-1/2

[Event "3rd Mayor's Cup"]
[Site "Mumbai IND"]
[Date "2010.06.02"]
[Round "1"]
[White "Dreev,A"]
[Black "Chopra,DK"]
[Result "1-0"]
[WhiteElo "2655"]
[BlackElo "1860"]

1.d4 d6 2.e4 e5 3.Nf3 Nd7 4.Bc4 Be7 5.dxe5 Nxe5 6.Nxe5 dxe5 7.Qh5 g6 8.Qxe5 Nf6
9.Bh6 Rg8 10.Qb5+ Qd7 11.Qb3 Bf8 12.Bxf8 Kxf8 13.Nd2 Kg7 14.O-O-O Qe7 15.f3 c6
16.Qc3 b5 17.Bb3 Re8 18.Qxc6 Bd7 19.Qc3 a5 20.Rhe1 a4 21.e5 axb3 22.exf6+ Qxf6
23.Qxf6+ Kxf6 24.Rxe8 Bxe8 25.axb3 h5 26.Ne4+ Ke5 27.Nf2 Ra1+ 28.Kd2 Rxd1+
29.Kxd1 Bc6 30.Nd3+ Kf5 31.Ke2 Bd5 32.Ke3 g5 33.Kd4 Bc6 34.c4 Ke6 35.Kc5 Bd7
36.cxb5 f6 37.b6  1-0

[Event "3rd Mayor's Cup"]
[Site "Mumbai IND"]
[Date "2010.06.03"]
[Round "2"]
[White "Sahu,Se"]
[Black "Dreev,A"]
[Result "0-1"]
[WhiteElo "2270"]
[BlackElo "2655"]

1.e4 c5 2.Nf3 Nc6 3.d4 cxd4 4.Nxd4 Nf6 5.Nc3 d6 6.Bg5 Bd7 7.Qd2 h6 8.Be3 Ng4
9.Nxc6 bxc6 10.Bf4 e5 11.Bg3 Be6 12.Be2 Be7 13.Rd1 Qc7 14.O-O h5 15.h4 Rd8
16.Bf3 Bf6 17.Qe2 g5 18.hxg5 Bxg5 19.Rfe1 Nf6 20.b3 Ke7 21.Rd3 Nd7 22.Na4 h4
23.Bh2 h3 24.g3 Qa5 25.Red1 Nf6 26.Qe1 Qxe1+ 27.Rxe1 Ng4 28.Bxg4 Bxg4 29.f3 Be6
30.g4 f6 31.c4 d5 32.exd5 cxd5 33.cxd5 Rxd5 34.Red1 Rc8 35.Bg3 Rxd3 36.Rxd3 Rc2
37.Be1 Rxa2 38.Bb4+ Kf7 39.Nc3 Rb2 40.Nd1 Rb1 41.Kh2 e4  0-1

[Event "3rd Mayor's Cup"]
[Site "Mumbai IND"]
[Date "2010.06.03"]
[Round "3"]
[White "Dreev,A"]
[Black "Shyam,N"]
[Result "1-0"]
[WhiteElo "2655"]
[BlackElo "2385"]

1.d4 d5 2.c4 c6 3.Nf3 a6 4.e3 Nf6 5.Qc2 g6 6.Bd3 Bg7 7.Nbd2 Nbd7 8.O-O O-O
9.b3 b6 10.e4 dxe4 11.Nxe4 Bb7 12.Bb2 Nxe4 13.Bxe4 Qc7 14.Rfe1 Rfe8 15.Ne5 Nxe5
16.dxe5 c5 17.e6 Bxe4 18.exf7+ Kxf7 19.Rxe4 Bxb2 20.Qxb2 Rad8 21.Rae1 Qd6
22.g3 Qd2 23.Qe5 Rd6 24.Rf4+ Kg8 25.h4 Rc6 26.h5 Qd6 27.Qg5 Qd7 28.Qh6 Rf6
29.hxg6 Rxg6 30.Qh5 Qd2 31.Re6 Qd3 32.Rfe4  1-0

[Event "3rd Mayor's Cup"]
[Site "Mumbai IND"]
[Date "2010.06.08"]
[Round "9"]
[White "Dreev,A"]
[Black "Kovalyov,A"]
[Result "1-0"]
[WhiteElo "2655"]
[BlackElo "2615"]

1.d4 Nf6 2.c4 e6 3.Nc3 Bb4 4.Qc2 O-O 5.a3 Bxc3+ 6.Qxc3 b6 7.Bg5 Bb7 8.e3 d6
9.Ne2 Nbd7 10.Qc2 c5 11.Rd1 Qc8 12.f3 Re8 13.Qd2 h6 14.Bh4 Ba6 15.Nc3 cxd4
16.Qxd4 e5 17.Qxd6 Bxc4 18.e4 Re6 19.Qb4 Rc6 20.Bxc4 Rxc4 21.Qd6 Rc6 22.Qd2 a6
23.O-O b5 24.Rc1 Ra7 25.Nd5 Nxd5 26.Rxc6 Qxc6 27.Rc1 Qd6 28.Qxd5 Qxd5 29.exd5 f6
30.Bf2 Ra8 31.Rc7 Rd8 32.b4 f5 33.Rc6 Nf6 34.d6 Kf7 35.Bb6 Rb8 36.Rc7+ Kg6
37.Ba5 Rd8 38.Rxg7+ Kxg7 39.Bxd8 h5 40.Kf2 Kf7 41.Bxf6 Kxf6 42.g4 hxg4 43.fxg4 fxg4
44.Kg3 Ke6 45.Kxg4 Kxd6 46.Kf3 Kd5 47.Ke3  1-0

[Event "3rd Mayor's Cup"]
[Site "Mumbai IND"]
[Date "2010.06.10"]
[Round "11"]
[White "Aleksandrov,A"]
[Black "Dreev,A"]
[Result "1/2-1/2"]
[WhiteElo "2604"]
[BlackElo "2655"]

1.d4 d5 2.c4 c6 3.Nc3 Nf6 4.cxd5 cxd5 5.Bf4 Nc6 6.e3 e6 7.Bd3 a6 8.Nf3 Bd6
9.Bxd6 Qxd6 10.O-O O-O 11.Rc1 Bd7  1/2-1/2

[Event "TCh-ESP CECLUB Honor"]
[Site "Sestao ESP"]
[Date "2010.08.25"]
[Round "3"]
[White "Harikrishna,P"]
[Black "Dreev,A"]
[Result "1/2-1/2"]
[WhiteElo "2646"]
[BlackElo "2660"]

1.d4 d5 2.c4 c6 3.Nf3 Nf6 4.Nc3 e6 5.Bg5 Nbd7 6.cxd5 exd5 7.e3 Be7 8.Bd3 Ne4
9.Bf4 Ndf6 10.Qc2 O-O 11.O-O Bf5 12.Ne5 g6 13.Na4 Re8  1/2-1/2

[Event "Chigorin Mem Classic Open"]
[Site "St Petersburg RUS"]
[Date "2010.10.29"]
[Round "2"]
[White "Dreev,A"]
[Black "Syrchikov,A"]
[Result "1-0"]
[WhiteElo "2649"]
[BlackElo "2256"]

1.d4 Nf6 2.c4 e6 3.Nf3 b6 4.Nc3 Bb7 5.a3 g6 6.Qc2 Bg7 7.e4 d6 8.Bd3 c5 9.d5 exd5
10.cxd5 O-O 11.O-O a6 12.a4 Qe7 13.h3 Nbd7 14.Bf4 Ne8 15.Nd2 Ne5 16.Be2 Bc8
17.Bg3 f5 18.f4 Nf7 19.Rae1 fxe4 20.Ncxe4 Bf5 21.Bd3 Qb7 22.Bh4 Ra7 23.Nc3 Nh6
24.g4 Bd4+ 25.Bf2 Bxd3 26.Qxd3 Bxc3 27.bxc3 Qd7 28.Bh4 Qxa4 29.Re4 Qb5 30.c4 Qa4
31.Be7 Ng7 32.Bxf8 Kxf8 33.Qe3 Ng8 34.Qc3 Qb4 35.Qc2 Rf7 36.Re3 b5 37.Ra1  1-0

[Event "Chigorin Mem Classic Open"]
[Site "St Petersburg RUS"]
[Date "2010.10.30"]
[Round "3"]
[White "Rozum,I"]
[Black "Dreev,A"]
[Result "0-1"]
[WhiteElo "2476"]
[BlackElo "2649"]

1.d4 d5 2.Nf3 Nf6 3.c4 c6 4.e3 Bf5 5.Nc3 e6 6.Nh4 Be4 7.f3 Bg6 8.Qb3 Qb6
9.Nxg6 hxg6 10.Bd2 Nbd7 11.g3 Bd6 12.Kf2 Qc7 13.Kg2 dxc4 14.Bxc4 Nb6 15.Be2 e5
16.dxe5 Bxe5 17.e4 Qd7 18.Be3 Bd4 19.Bxd4 Qxd4 20.Qa3 a5 21.Rad1 Qb4 22.Rd2 Nfd7
23.f4 g5 24.Rhd1 gxf4 25.gxf4 Nc5 26.Kg3 Nba4 27.Nxa4 Nxe4+ 28.Kg2 Nxd2 29.Qxb4 axb4
30.Nb6 Rd8 31.Bg4 Rd6  0-1

[Event "Chigorin Mem Classic Open"]
[Site "St Petersburg RUS"]
[Date "2010.11.03"]
[Round "7"]
[White "Romanov,E"]
[Black "Dreev,A"]
[Result "0-1"]
[WhiteElo "2598"]
[BlackElo "2649"]

1.d4 d5 2.Nf3 Nf6 3.c4 c6 4.Nc3 e6 5.Bg5 h6 6.Bxf6 Qxf6 7.e3 g6 8.Be2 Nd7
9.O-O Bg7 10.e4 dxe4 11.Nxe4 Qf4 12.Qd3 O-O 13.Rad1 b6 14.Qe3 Qxe3 15.fxe3 Ba6
16.b4 Rad8 17.Rd2 e5 18.c5 Bxe2 19.Rxe2 f5 20.Nd6 e4 21.Nd2 Nf6 22.a3 Nd5
23.Nb3 h5 24.g3 a5 25.bxa5 bxc5 26.Nb7 cxd4 27.Nxd4 Rb8 28.a6 Nxe3 29.Nxc6 Nxf1
30.Nxb8 Rxb8 31.Kxf1 Ra8 32.a4 Rxa6 33.Ra2 Rb6 34.Na5 Rb1+ 35.Kg2 Bd4 36.Nc6 Rg1+
37.Kh3 Bf6  0-1

[Event "7th UTD GM"]
[Site "Richardson USA"]
[Date "2010.12.18"]
[Round "5"]
[White "Dreev,A"]
[Black "Ramirez,Alej"]
[Result "1-0"]
[WhiteElo "2674"]
[BlackElo "2577"]

1.d4 d5 2.c4 c6 3.Nf3 Nf6 4.e3 Bf5 5.Nc3 a6 6.Bd3 Bxd3 7.Qxd3 e6 8.O-O Be7
9.e4 O-O 10.Bf4 dxe4 11.Nxe4 Nxe4 12.Qxe4 Nd7 13.Rfe1 Re8 14.Rad1 Qa5 15.Qc2 Bb4
16.Rf1 Nf8 17.Qb3 Ng6 18.Bg3 Be7 19.Qxb7 Qxa2 20.b3 Qa3 21.c5 a5 22.Ra1 Qb4
23.Qxc6 Qxb3 24.Rxa5 Rac8 25.Qe4 Qc4 26.Qb7 Bf6 27.Ra7 Ne7 28.Bd6 Qd5 29.Qxd5 Nxd5
30.Rb1 Ne7 31.Rd7 Nc6 32.Rbb7 Red8 33.Rxd8+ Nxd8 34.Ra7 Nc6 35.Ra4 Be7 36.Bxe7 Nxe7
37.Kf1 f6 38.Ke2 Nd5 39.Kd3 Rc7 40.Nd2 Kf7 41.g3 e5 42.Nc4 Ne7 43.Nd6+ Ke6
44.Nb5 Rb7 45.Kc4 exd4 46.Ra6+ Kd7 47.Rd6+ Kc8 48.Rxd4 Rb8 49.Na7+ Kc7 50.Nb5+ Kc8
51.Rd6 Ra8 52.Re6 Kd7 53.Rd6+ Kc8 54.c6 Ra2 55.Kc5 Rxf2 56.c7 Rf5+ 57.Kb6 Rxb5+
58.Kxb5 Kxc7 59.Kc5 Nf5 60.Rd5 g6 61.Rd3 h5 62.Rd2 h4 63.g4 Nh6 64.h3 Nf7
65.Rf2 Ng5 66.Kd5 Nxh3 67.Rxf6 Kd7 68.Ke5 g5 69.Kf5 Ke7 70.Re6+ Kf7 71.Re3 Ng1
72.Re1 Nh3 73.Rh1  1-0

[Event "7th UTD GM"]
[Site "Richardson USA"]
[Date "2010.12.19"]
[Round "6"]
[White "Yang,Dar"]
[Black "Dreev,A"]
[Result "0-1"]
[WhiteElo "2417"]
[BlackElo "2674"]

1.d4 d5 2.c4 c6 3.Nc3 Nf6 4.e3 e6 5.Nf3 Nbd7 6.Qc2 b6 7.cxd5 exd5 8.Bd3 Bb7
9.O-O Be7 10.e4 dxe4 11.Nxe4 O-O 12.Ne5 c5 13.Ng5 g6 14.Bc4 Nxe5 15.dxe5 Nd5
16.Rd1 Bxg5 17.Bxd5 Bxd5 18.Bxg5 Qxg5 19.Rxd5 Rad8 20.Rad1 Rxd5 21.Rxd5 Re8
22.Qc3 Qf5 23.h3 Qb1+ 24.Kh2 Qxa2 25.Rd6 Qa4 26.g3 Qb4 27.f4 Qxc3 28.bxc3 Rb8  0-1